000 00223nam a2200085Ia 4500
008 120527s9999 xx 000 0 und d
100 _aMcEARCHERN, W
245 _aStudy guide Economics:A contemporary introduction
942 _cBK
999 _c26776
_d26776